Shaam-e-Awadh ; (Record no. 68401)

MARC details
000 -LEADER
fixed length control field 01418nam a22002417a 4500
005 - DATE AND TIME OF LATEST TRANSACTION
control field 20120713160028.0
010 ## - LCCN (DPL NO)
LC control number B-458408-412
020 ## - INTERNATIONAL STANDARD BOOK NUMBER
International Standard Book Number 978143102458
Terms of availability 399.00
035 ## - SYSTEM CONTROL NUMBER
System control number B-458408-412
037 ## - SOURCE OF ACQUISITION
Stock number dpl
Source of stock number/acquisition K.K.Pub / Ven
082 ## - DEWEY DECIMAL CLASSIFICATION NUMBER
Classification number 954
245 ## - TITLE STATEMENT
Title Shaam-e-Awadh ;
Statement of responsibility, etc edited by Veena Talwar oldenburg
Remainder of title writings on Lucknow
260 ## - PUBLICATION, DISTRIBUTION, ETC. (IMPRINT)
Place of publication, distribution, etc New Delhi
Name of publisher, distributor, etc Penguin
Date of publication, distribution, etc 2007
270 ## - ADDRESS
Address 11 community centre pancheel park
City New delhi
300 ## - PHYSICAL DESCRIPTION
Extent ix, 275p
Dimensions 22cm
942 ## - ADDED ENTRY ELEMENTS (KOHA)
Source of classification or shelving scheme Dewey Decimal Classification
Item type English Books
Call number suffix SHA
Classification part 954
Holdings
Withdrawn status Lost status Not for loan Collection code Home library Current library Date acquired Source of acquisition Cost, normal purchase price Full call number Barcode Copy number Cost, replacement price Koha item type
      Non-fiction Central Library Central Library 20/07/2012 K.K.Pub/1662/24.01.2012/25/18.01.2012/06.02.2012 399.00 954 SHA B-458408 1 399.00 English Books
      Non-fiction Karol Bagh Karol Bagh 20/07/2012 K.K.Pub/1662/24.01.2012/25/18.01.2012/06.02.2012 399.00 954 SHA B-458411 1 399.00 English Books
      Non-fiction Patel Nagar Patel Nagar 20/07/2012 K.K.Pub/1662/24.01.2012/25/18.01.2012/06.02.2012 399.00 954 SHA B-458409 1 399.00 English Books
      Non-fiction Sarojini Nagar Sarojini Nagar 20/07/2012 K.K.Pub/1662/24.01.2012/25/18.01.2012/06.02.2012 399.00 954 SHA B-458410 1 399.00 English Books
      Non-fiction Shahdara Branch Shahdara Branch 20/07/2012 K.K.Pub/1662/24.01.2012/25/18.01.2012/06.02.2012 399.00 954 SHA B-458412 1 399.00 English Books

© Delhi Public Library
Hit Counter
free hit counter